[Event "Stay Safe Play From Home 377"]
[Site "Emanuel Lasker Arena"]
[Date "2020.08.12"]
[Round "3"]
[White "Tolka"]
[Black "Mepe_Nika"]
[Result "0-1"]
[WhiteElo "2335"]
[BlackElo "2340"]
[PlyCount "92"]
[EventDate "2020.08.12"]
[EventType "swiss (blitz)"]

1. Nf3 {[%emt 0:00:06]} Nf6 {[%emt 0:00:01]} 2. g3 {[%emt 0:00:00]} d5 {[%emt 0:00:01]} 3. Bg2 {[%emt 0:00:00]} c6 {[%emt 0:00:01]} 4. O-O {[%emt 0:00:00]} Bf5 {[%emt 0:00:00]} 5. c4 {[%emt 0:00:00]} e6 {[%emt 0:00:01]} 6. b3 {[%emt 0:00:00]} h6 {[%emt 0:00:01]} 7. Bb2 {[%emt 0:00:00]} Be7 {[%emt 0:00:00]} 8. d3 {[%emt 0:00:00]} O-O {[%emt 0:00:00]} 9. Nbd2 {[%emt 0:00:01]} Bh7 {[%emt 0:00:01]} 10. Qc2 {[%emt 0:00:01]} a5 {[%emt 0:00:01]} 11. a3 {[%emt 0:00:01]} Nbd7 {[%emt 0:00:01]} 12. Bc3 {[%emt 0:00:01]} c5 {[%emt 0:00:01]} 13. cxd5 {[%emt 0:00:02]} exd5 {[%emt 0:00:01]} 14. e3 {[%emt 0:00:02]} Rc8 {[%emt 0:00:01]} 15. Ne5 {[%emt 0:00:02]} b5 {[%emt 0:00:03]} 16. Nxd7 {[%emt 0:00:01]} Qxd7 {[%emt 0:00:02]} 17. Bxa5 {[%emt 0:00:01]} c4 {[%emt 0:00:00]} 18. bxc4 {[%emt 0:00:01]} bxc4 {[%emt 0:00:01]} 19. e4 {[%emt 0:00:06]} c3 {[%emt 0:00:04]} 20. Nb3 {[%emt 0:00:03]} dxe4 {[%emt 0:00:01]} 21. dxe4 {[%emt 0:00:00]} Qa4 {[%emt 0:00:03]} 22. Bb4 {[%emt 0:00:01]} Bxb4 {[%emt 0:00:02]} 23. axb4 {[%emt 0:00:00]} Qxb4 {[%emt 0:00:00]} 24. f3 {[%emt 0:00:03]} Rfd8 {[%emt 0:00:01]} 25. Rad1 {[%emt 0:00:01]} Nd5 {[%emt 0:00:04]} 26. Rfe1 {[%emt 0:00:10]} Qb6+ {[%emt 0:00:01]} 27. Qf2 {[%emt 0:00:03]} Qxf2+ {[%emt 0:00:02]} 28. Kxf2 {[%emt 0:00:00]} Nb4 {[%emt 0:00:01]} 29. Rxd8+ {[%emt 0:00:01]} Rxd8 {[%emt 0:00:00]} 30. Bf1 {[%emt 0:00:01]} Kf8 {[%emt 0:00:03]} 31. Rc1 {[%emt 0:00:01]} c2 {[%emt 0:00:01]} 32. Na1 {[%emt 0:00:01]} Rc8 {[%emt 0:00:01]} 33. Ke3 {[%emt 0:00:01]} f6 {[%emt 0:00:01]} 34. Kd2 {[%emt 0:00:01]} Rd8+ {[%emt 0:00:02]} 35. Ke3 {[%emt 0:00:01]} Bg8 {[%emt 0:00:01]} 36. Nxc2 {[%emt 0:00:01]} Rc8 {[%emt 0:00:01]} 37. Kd2 {[%emt 0:00:00]} Rd8+ {[%emt 0:00:01]} 38. Ke3 {[%emt 0:00:00]} Na2 {[%emt 0:00:01]} 39. Ra1 {[%emt 0:00:01]} Nc3 {[%emt 0:00:00]} 40. Nd4 {[%emt 0:00:01]} Bf7 {[%emt 0:00:03]} 41. Nf5 {[%emt 0:00:00]} g6 {[%emt 0:00:01]} 42. Ra7 {[%emt 0:00:00]} gxf5 {[%emt 0:00:01]} 43. exf5 {[%emt 0:00:00]} Nd5+ {[%emt 0:00:01]} 44. Kd4 {[%emt 0:00:01]} Ne7+ {[%emt 0:00:00]} 45. Kc5 {[%emt 0:00:00]} Nxf5 {[%emt 0:00:01]} 46. Bh3 {[%emt 0:00:02]} Rd5+ {[%emt 0:00:00] Czas Czas Czas (Lag: Av=0.34s, max=1.0s) (Lag: Av=0.34s, max=1.0s) (Lag: Av=0.34s, max=1.0s)} 0-1

[Event "Stay Safe Play From Home 377"]
[Site "Emanuel Lasker Arena"]
[Date "2020.08.12"]
[Round "3"]
[White "SoulofWolf"]
[Black "SelamiSahin"]
[Result "1-0"]
[WhiteElo "2103"]
[BlackElo "2184"]
[PlyCount "129"]
[EventDate "2020.08.12"]
[EventType "swiss (blitz)"]

{- Yarar, Atakan} 1. Nf3 {[%emt 0:00:00]} c5 {[%emt 0:00:00]} 2. c4 {[%emt 0:00:00]} d5 {[%emt 0:00:00]} 3. e3 {[%emt 0:00:01]} e6 {[%emt 0:00:01]} 4. cxd5 {[%emt 0:00:01]} exd5 {[%emt 0:00:00]} 5. d4 {[%emt 0:00:00]} Nc6 {[%emt 0:00:01]} 6. Be2 {[%emt 0:00:00]} Nf6 {[%emt 0:00:01]} 7. O-O {[%emt 0:00:00]} Be7 {[%emt 0:00:00]} 8. h3 {[%emt 0:00:01]} O-O {[%emt 0:00:00]} 9. Nbd2 {[%emt 0:00:00]} b6 {[%emt 0:00:01]} 10. Nb3 {[%emt 0:00:01]} Bb7 {[%emt 0:00:01]} 11. a4 {[%emt 0:00:01]} Rc8 {[%emt 0:00:02]} 12. Bd2 {[%emt 0:00:01]} cxd4 {[%emt 0:00:01]} 13. Nbxd4 {[%emt 0:00:01]} Nxd4 {[%emt 0:00:00]} 14. Nxd4 {[%emt 0:00:00]} Ne4 {[%emt 0:00:01]} 15. Be1 {[%emt 0:00:01]} Bf6 {[%emt 0:00:01]} 16. Rb1 {[%emt 0:00:02]} Qe7 {[%emt 0:00:01]} 17. Nf5 {[%emt 0:00:01]} Qe5 {[%emt 0:00:01]} 18. Nd4 {[%emt 0:00:01]} Qe7 {[%emt 0:00:01]} 19. b4 {[%emt 0:00:03]} Nc3 {[%emt 0:00:02]} 20. Bxc3 {[%emt 0:00:01]} Rxc3 {[%emt 0:00:00]} 21. Qd2 {[%emt 0:00:00]} Rc7 {[%emt 0:00:01]} 22. Nb5 {[%emt 0:00:01]} Rd7 {[%emt 0:00:01]} 23. Nxa7 {[%emt 0:00:02]} d4 {[%emt 0:00:01]} 24. Nb5 {[%emt 0:00:03]} dxe3 {[%emt 0:00:02]} 25. Qxe3 {[%emt 0:00:00]} Qxe3 {[%emt 0:00:02]} 26. fxe3 {[%emt 0:00:00]} Re7 {[%emt 0:00:01]} 27. Kf2 {[%emt 0:00:01]} Rfe8 {[%emt 0:00:01]} 28. Rb3 {[%emt 0:00:01]} Bd5 {[%emt 0:00:02]} 29. Rd3 {[%emt 0:00:02]} Bc4 {[%emt 0:00:01]} 30. Ra3 {[%emt 0:00:00]} Bxe2 {[%emt 0:00:02]} 31. Kxe2 {[%emt 0:00:00]} Bg5 {[%emt 0:00:01]} 32. Rf3 {[%emt 0:00:01]} h5 {[%emt 0:00:03]} 33. Rd3 {[%emt 0:00:02]} g6 {[%emt 0:00:01]} 34. Nd4 {[%emt 0:00:01]} Kg7 {[%emt 0:00:02]} 35. Nc6 {[%emt 0:00:01]} Re4 {[%emt 0:00:03]} 36. Nd4 {[%emt 0:00:03]} Bf6 {[%emt 0:00:01]} 37. Kd2 {[%emt 0:00:01]} Rd8 {[%emt 0:00:02]} 38. Nc2 {[%emt 0:00:07]} Rde8 {[%emt 0:00:03]} 39. g3 {[%emt 0:00:01]} Ra8 {[%emt 0:00:03]} 40. Nd4 {[%emt 0:00:00]} Rxa4 {[%emt 0:00:01]} 41. Nc2 {[%emt 0:00:02]} Ra2 {[%emt 0:00:01]} 42. Kc1 {[%emt 0:00:01]} Rc4 {[%emt 0:00:01]} 43. Rf2 {[%emt 0:00:01]} Ra3 {[%emt 0:00:02]} 44. Rxa3 {[%emt 0:00:01]} Rc6 {[%emt 0:00:01]} 45. Rd3 {[%emt 0:00:01]} Re6 {[%emt 0:00:00]} 46. Kd2 {[%emt 0:00:00]} Re5 {[%emt 0:00:01]} 47. Rf3 {[%emt 0:00:01]} Re6 {[%emt 0:00:00]} 48. Ke2 {[%emt 0:00:00]} Be5 {[%emt 0:00:00]} 49. Rd1 {[%emt 0:00:00]} Bc7 {[%emt 0:00:00]} 50. Rdf1 {[%emt 0:00:00]} Be5 {[%emt 0:00:01]} 51. Rxf7+ {[%emt 0:00:00]} Kh6 {[%emt 0:00:01]} 52. Rf8 {[%emt 0:00:00]} g5 {[%emt 0:00:00]} 53. R8f6+ {[%emt 0:00:01]} Bxf6 {[%emt 0:00:01]} 54. Rd1 {[%emt 0:00:00]} Kg6 {[%emt 0:00:00]} 55. Nd4 {[%emt 0:00:00]} Re5 {[%emt 0:00:00]} 56. Nc6 {[%emt 0:00:01]} Rf5 {[%emt 0:00:00]} 57. b5 {[%emt 0:00:00]} Re5 {[%emt 0:00:01]} 58. g4 {[%emt 0:00:00]} Rxb5 {[%emt 0:00:00]} 59. gxh5+ {[%emt 0:00:00]} Kxh5 {[%emt 0:00:00]} 60. Nd4 {[%emt 0:00:00]} Kh4 {[%emt 0:00:00]} 61. Nxb5 {[%emt 0:00:01]} Kxh3 {[%emt 0:00:00]} 62. Rd3 {[%emt 0:00:00]} g4 {[%emt 0:00:00]} 63. Nd4 {[%emt 0:00:00]} Kg2 {[%emt 0:00:00]} 64. Rd2 {[%emt 0:00:02]} g3 {[%emt 0:00:00]} 65. Kd3+ {[%emt 0:00:00] Zaman Zaman Zaman (Lag: Av=0.39s, max=1.1s) (Lag: Av=0.39s, max=1.1s) (Lag: Av=0.39s, max=1.1s)} 1-0

[Event "Stay Safe Play From Home 377"]
[Site "Emanuel Lasker Arena"]
[Date "2020.08.12"]
[Round "3"]
[White "Hickey"]
[Black "MihailoVujic"]
[Result "0-1"]
[WhiteElo "2075"]
[BlackElo "2253"]
[PlyCount "124"]
[EventDate "2020.08.12"]
[EventType "swiss (blitz)"]

1. Nf3 {[%emt 0:00:01]} Nc6 {[%emt 0:00:02]} 2. g3 {[%emt 0:00:00]} e5 {[%emt 0:00:01]} 3. Bg2 {[%emt 0:00:00]} e4 {[%emt 0:00:00]} 4. Ng1 {[%emt 0:00:01]} d5 {[%emt 0:00:01]} 5. d3 {[%emt 0:00:00]} f5 {[%emt 0:00:00]} 6. c4 {[%emt 0:00:02]} dxc4 {[%emt 0:00:02]} 7. dxc4 {[%emt 0:00:00]} Qxd1+ {[%emt 0:00:01]} 8. Kxd1 {[%emt 0:00:00]} Nf6 {[%emt 0:00:02]} 9. Bg5 {[%emt 0:00:01]} Bc5 {[%emt 0:00:01]} 10. Bxf6 {[%emt 0:00:03]} gxf6 {[%emt 0:00:00]} 11. e3 {[%emt 0:00:00]} Be6 {[%emt 0:00:01]} 12. Nd2 {[%emt 0:00:04]} O-O-O {[%emt 0:00:01]} 13. a3 {[%emt 0:00:01]} Ne5 {[%emt 0:00:02]} 14. Kc2 {[%emt 0:00:01]} Nd3 {[%emt 0:00:01]} 15. Nh3 {[%emt 0:00:01]} a5 {[%emt 0:00:02]} 16. b3 {[%emt 0:00:01]} Bd6 {[%emt 0:00:02]} 17. Rhd1 {[%emt 0:00:03]} Be5 {[%emt 0:00:00]} 18. Ra2 {[%emt 0:00:01]} Rd6 {[%emt 0:00:01]} 19. Bf1 {[%emt 0:00:02]} Rhd8 {[%emt 0:00:01]} 20. Bxd3 {[%emt 0:00:01]} Rxd3 {[%emt 0:00:00]} 21. Kc1 {[%emt 0:00:01]} Rc3+ {[%emt 0:00:02]} 22. Rc2 {[%emt 0:00:01]} Rcd3 {[%emt 0:00:03]} 23. Nf4 {[%emt 0:00:03]} Bxf4 {[%emt 0:00:00]} 24. gxf4 {[%emt 0:00:01]} a4 {[%emt 0:00:00]} 25. Rb2 {[%emt 0:00:06]} axb3 {[%emt 0:00:01]} 26. Rh1 {[%emt 0:00:02]} Rc3+ {[%emt 0:00:02]} 27. Kb1 {[%emt 0:00:01]} Bxc4 {[%emt 0:00:01]} 28. Nxc4 {[%emt 0:00:01]} Rxc4 {[%emt 0:00:01]} 29. Rxb3 {[%emt 0:00:01]} Rd2 {[%emt 0:00:00]} 30. Rg1 {[%emt 0:00:02]} b6 {[%emt 0:00:04]} 31. Rg8+ {[%emt 0:00:00]} Kb7 {[%emt 0:00:01]} 32. Rf8 {[%emt 0:00:01]} Rcc2 {[%emt 0:00:01]} 33. Rxf6 {[%emt 0:00:01]} Rxf2 {[%emt 0:00:00]} 34. Rh6 {[%emt 0:00:02]} Rce2 {[%emt 0:00:01]} 35. Rc3 {[%emt 0:00:01]} Rxh2 {[%emt 0:00:01]} 36. Rxh2 {[%emt 0:00:02]} Rxh2 {[%emt 0:00:01]} 37. Kc1 {[%emt 0:00:01]} Ra2 {[%emt 0:00:01]} 38. Kd1 {[%emt 0:00:01]} h5 {[%emt 0:00:01]} 39. Ke1 {[%emt 0:00:00]} h4 {[%emt 0:00:00]} 40. Kf1 {[%emt 0:00:00]} h3 {[%emt 0:00:00]} 41. Kg1 {[%emt 0:00:00]} h2+ {[%emt 0:00:02]} 42. Kh1 {[%emt 0:00:00]} c5 {[%emt 0:00:01]} 43. Rb3 {[%emt 0:00:02]} Kc6 {[%emt 0:00:01]} 44. Rc3 {[%emt 0:00:00]} b5 {[%emt 0:00:01]} 45. Rb3 {[%emt 0:00:01]} Rd2 {[%emt 0:00:01]} 46. Rc3 {[%emt 0:00:00]} Rd3 {[%emt 0:00:01]} 47. Rc1 {[%emt 0:00:03]} Rxe3 {[%emt 0:00:00]} 48. Kxh2 {[%emt 0:00:00]} Rxa3 {[%emt 0:00:00]} 49. Rb1 {[%emt 0:00:01]} b4 {[%emt 0:00:00]} 50. Rd1 {[%emt 0:00:00]} b3 {[%emt 0:00:00]} 51. Rg1 {[%emt 0:00:00]} b2 {[%emt 0:00:00]} 52. Rg6+ {[%emt 0:00:00]} Kb5 {[%emt 0:00:01]} 53. Rg1 {[%emt 0:00:00]} Rb3 {[%emt 0:00:00]} 54. Rb1 {[%emt 0:00:00]} c4 {[%emt 0:00:00]} 55. Kg2 {[%emt 0:00:00]} c3 {[%emt 0:00:00]} 56. Kf2 {[%emt 0:00:00]} c2 {[%emt 0:00:00]} 57. Ke2 {[%emt 0:00:00]} cxb1=Q {[%emt 0:00:01]} 58. Kd2 {[%emt 0:00:00]} Rd3+ {[%emt 0:00:01]} 59. Ke2 {[%emt 0:00:00]} Qd1+ {[%emt 0:00:00]} 60. Kf2 {[%emt 0:00:00]} Rf3+ {[%emt 0:00:00]} 61. Kg2 {[%emt 0:00:00]} Qf1+ {[%emt 0:00:00]} 62. Kh2 {[%emt 0:00:00]} Rh3# {[%emt 0:00:00] (Lag: Av=0.93s, max=1.4s) (Lag: Av=0.93s, max=1.4s) (Lag: Av=0.93s, max=1.4s)} 0-1

[Event "Stay Safe Play From Home 377"]
[Site "Emanuel Lasker Arena"]
[Date "2020.08.12"]
[Round "3"]
[White "CabianoFaruana"]
[Black "buzaglo"]
[Result "1-0"]
[WhiteElo "1620"]
[BlackElo "1886"]
[Annotator "NA"]
[PlyCount "89"]
[EventDate "2020.08.12"]
[EventType "swiss (blitz)"]

1. e4 {[%emt 0:00:02]} e6 {[%emt 0:00:00]} 2. d4 {[%emt 0:00:01]} d5 {[%emt 0:00:00]} 3. e5 {[%emt 0:00:00]} c5 {[%emt 0:00:00]} 4. c3 {[%emt 0:00:00]} Nc6 {[%emt 0:00:00]} 5. Nf3 {[%emt 0:00:00]} cxd4 {[%emt 0:00:01]} 6. Bd3 {[%emt 0:00:01]} f6 {[%emt 0:00:01]} 7. exf6 {[%emt 0:00:02]} Nxf6 {[%emt 0:00:01]} 8. O-O {[%emt 0:00:00]} Bc5 {[%emt 0:00:02]} 9. Qe2 {[%emt 0:00:01]} O-O {[%emt 0:00:02]} 10. Rd1 {[%emt 0:00:02]} dxc3 {[%emt 0:00:01]} 11. Nxc3 {[%emt 0:00:00]} Nd4 {[%emt 0:00:03]} 12. Nxd4 {[%emt 0:00:01]} Bxd4 {[%emt 0:00:00]} 13. Be3 {[%emt 0:00:01]} Bxe3 {[%emt 0:00:01]} 14. Qxe3 {[%emt 0:00:00]} d4 {[%emt 0:00:04]} 15. Qf3 {[%emt 0:00:02]} Qb6 {[%emt 0:00:03]} 16. Ne4 {[%emt 0:00:01]} Qxb2 {[%emt 0:00:05]} 17. Rab1 {[%emt 0:00:02]} Qxa2 {[%emt 0:00:02]} 18. Nxf6+ {[%emt 0:00:02]} Rxf6 {[%emt 0:00:01]} 19. Qe4 {[%emt 0:00:01]} g6 {[%emt 0:00:11]} 20. f3 {[%emt 0:00:01]} Bd7 {[%emt 0:00:03]} 21. Rxb7 {[%emt 0:00:03]} Rd8 {[%emt 0:00:00]} 22. Rc1 {[%emt 0:00:05]} Qd5 {[%emt 0:00:02]} 23. Qxd5 {[%emt 0:00:03]} exd5 {[%emt 0:00:00]} 24. Rxa7 {[%emt 0:00:01]} Rc8 {[%emt 0:00:06]} 25. Rcc7 {[%emt 0:00:02]} Bf5 {[%emt 0:00:02]} 26. Bxf5 {[%emt 0:00:02]} gxf5 {[%emt 0:00:01]} 27. Rxc8+ {[%emt 0:00:01]} Rf8 {[%emt 0:00:03]} 28. Rxf8+ {[%emt 0:00:01]} Kxf8 {[%emt 0:00:00]} 29. Rd7 {[%emt 0:00:00]} Ke8 {[%emt 0:00:01]} 30. Rxd5 {[%emt 0:00:00]} d3 {[%emt 0:00:01]} 31. Rxd3 {[%emt 0:00:00]} Ke7 {[%emt 0:00:00]} 32. Rd5 {[%emt 0:00:00]} Ke6 {[%emt 0:00:00]} 33. Rd4 {[%emt 0:00:00]} h5 {[%emt 0:00:00]} 34. Kf2 {[%emt 0:00:01]} h4 {[%emt 0:00:00]} 35. Rxh4 {[%emt 0:00:01]} f4 {[%emt 0:00:01]} 36. g3 {[%emt 0:00:00]} Ke5 {[%emt 0:00:00]} 37. Rxf4 {[%emt 0:00:01]} Ke6 {[%emt 0:00:00]} 38. h3 {[%emt 0:00:00]} Ke5 {[%emt 0:00:00]} 39. h4 {[%emt 0:00:00]} Ke6 {[%emt 0:00:00]} 40. h5 {[%emt 0:00:00]} Kd5 {[%emt 0:00:00]} 41. h6 {[%emt 0:00:00]} Ke5 {[%emt 0:00:00]} 42. h7 {[%emt 0:00:00]} Ke6 {[%emt 0:00:00]} 43. h8=Q {[%emt 0:00:00]} Kd5 {[%emt 0:00:00]} 44. Qh5+ {[%emt 0:00:00]} Ke6 {[%emt 0:00:01]} 45. Qg5 {[%emt 0:00:00] (Lag: Av=0.55s, max=1.0s) (Lag: Av=0.55s, max=1.0s) (Lag: Av=0.55s, max=1.0s)} 1-0

[Event "Stay Safe Play From Home 377"]
[Site "Emanuel Lasker Arena"]
[Date "2020.08.12"]
[Round "3"]
[White "Stepmaker"]
[Black "Padmaesh M K"]
[Result "0-1"]
[WhiteElo "1424"]
[BlackElo "1834"]
[Annotator "NA"]
[PlyCount "54"]
[EventDate "2020.08.12"]
[EventType "swiss (blitz)"]

1. d4 {[%emt 0:00:02]} e5 {[%emt 0:00:01]} 2. e3 {[%emt 0:00:00]} exd4 {[%emt 0:00:01]} 3. exd4 {[%emt 0:00:01]} d5 {[%emt 0:00:00]} 4. c3 {[%emt 0:00:01]} Nf6 {[%emt 0:00:00]} 5. Nf3 {[%emt 0:00:01]} Be7 {[%emt 0:00:00]} 6. Be2 {[%emt 0:00:00]} O-O {[%emt 0:00:00]} 7. O-O {[%emt 0:00:00]} c6 {[%emt 0:00:01]} 8. Bf4 {[%emt 0:00:01]} Bf5 {[%emt 0:00:02]} 9. Nbd2 {[%emt 0:00:01]} Ne4 {[%emt 0:00:01]} 10. Nb3 {[%emt 0:00:01]} Nd7 {[%emt 0:00:01]} 11. Nc5 {[%emt 0:00:02]} Ndxc5 {[%emt 0:00:02]} 12. dxc5 {[%emt 0:00:00]} Bxc5 {[%emt 0:00:00]} 13. Nd4 {[%emt 0:00:02]} Qf6 {[%emt 0:00:06]} 14. Nxf5 {[%emt 0:00:02]} Qxf5 {[%emt 0:00:00]} 15. Be3 {[%emt 0:00:03]} Bxe3 {[%emt 0:00:05]} 16. fxe3 {[%emt 0:00:01]} Qg5 {[%emt 0:00:00]} 17. Qd3 {[%emt 0:00:03]} Rfe8 {[%emt 0:00:01]} 18. Rf4 {[%emt 0:00:02]} Nf6 {[%emt 0:00:02]} 19. Raf1 {[%emt 0:00:01]} Re4 {[%emt 0:00:01]} 20. Rxe4 {[%emt 0:00:02]} Nxe4 {[%emt 0:00:00]} 21. Rf4 {[%emt 0:00:02]} Re8 {[%emt 0:00:02]} 22. Rg4 {[%emt 0:00:01]} Qh6 {[%emt 0:00:02]} 23. Bf3 {[%emt 0:00:01]} Nc5 {[%emt 0:00:01]} 24. Qd4 {[%emt 0:00:03]} Qxe3+ {[%emt 0:00:01]} 25. Qxe3 {[%emt 0:00:04]} Rxe3 {[%emt 0:00:00]} 26. Ra4 {[%emt 0:00:05]} Nxa4 {[%emt 0:00:03]} 27. b3 {[%emt 0:00:02]} Nxc3 {[%emt 0:00:01] TimeW TimeW TimeW} 0-1

[Event "Stay Safe Play From Home 377"]
[Site "Emanuel Lasker Arena"]
[Date "2020.08.12"]
[Round "3"]
[White "Aerocot"]
[Black "TheCHESSHOUSE"]
[Result "0-1"]
[WhiteElo "1346"]
[BlackElo "1993"]
[PlyCount "54"]
[EventDate "2020.08.12"]
[EventType "swiss (blitz)"]

1. e4 {[%emt 0:00:02]} c5 {[%emt 0:00:01]} 2. Nf3 {[%emt 0:00:01]} d6 {[%emt 0:00:01]} 3. Bc4 {[%emt 0:00:00]} e6 {[%emt 0:00:01]} 4. c3 {[%emt 0:00:01]} Nf6 {[%emt 0:00:01]} 5. d3 {[%emt 0:00:02]} Nc6 {[%emt 0:00:01]} 6. O-O {[%emt 0:00:01]} Be7 {[%emt 0:00:00]} 7. Be3 {[%emt 0:00:02]} O-O {[%emt 0:00:00]} 8. h3 {[%emt 0:00:01]} a6 {[%emt 0:00:00]} 9. a4 {[%emt 0:00:03]} b6 {[%emt 0:00:01]} 10. Bb3 {[%emt 0:00:01]} Bb7 {[%emt 0:00:01]} 11. Bc2 {[%emt 0:00:00]} h6 {[%emt 0:00:01]} 12. Nbd2 {[%emt 0:00:01]} d5 {[%emt 0:00:01]} 13. e5 {[%emt 0:00:04]} Nd7 {[%emt 0:00:02]} 14. d4 {[%emt 0:00:01]} f6 {[%emt 0:00:03]} 15. Re1 {[%emt 0:00:07]} fxe5 {[%emt 0:00:02]} 16. Nxe5 {[%emt 0:00:05]} Ndxe5 {[%emt 0:00:02]} 17. dxe5 {[%emt 0:00:01]} Qc7 {[%emt 0:00:09]} 18. Nf3 {[%emt 0:00:06]} Rad8 {[%emt 0:00:02]} 19. Qd3 {[%emt 0:00:02]} Rf5 {[%emt 0:00:04]} 20. g4 {[%emt 0:00:03]} Rxf3 {[%emt 0:00:02]} 21. Qh7+ {[%emt 0:00:02]} Kf8 {[%emt 0:00:02]} 22. Bg6 {[%emt 0:00:07]} Bf6 {[%emt 0:00:06]} 23. Qh8+ {[%emt 0:00:01]} Ke7 {[%emt 0:00:01]} 24. Qh7 {[%emt 0:00:01]} Kd7 {[%emt 0:00:03]} 25. Bxh6 {[%emt 0:00:01]} Kc8 {[%emt 0:00:01]} 26. Bxg7 {[%emt 0:00:01]} Bxg7 {[%emt 0:00:01]} 27. Kg2 {[%emt 0:00:02]} Nxe5 {[%emt 0:00:01] Time Time Time (Lag: Av=1.01s, max=1.3s) (Lag: Av=1.01s, max=1.3s) (Lag: Av=1.01s, max=1.3s) . . .} 0-1

[Event "Stay Safe Play From Home 377"]
[Site "Emanuel Lasker Arena"]
[Date "2020.08.12"]
[Round "3"]
[White "Mandy"]
[Black "Lamborghini"]
[Result "0-1"]
[WhiteElo "860"]
[BlackElo "2266"]
[PlyCount "34"]
[EventDate "2020.08.12"]
[EventType "swiss (blitz)"]

1. d4 {[%emt 0:00:02]} c5 {[%emt 0:00:02]} 2. c3 {[%emt 0:00:03]} g6 {[%emt 0:00:02]} 3. Nd2 {[%emt 0:00:02]} Bg7 {[%emt 0:00:01]} 4. b3 {[%emt 0:00:02]} Nf6 {[%emt 0:00:01]} 5. e3 {[%emt 0:00:03]} O-O {[%emt 0:00:00]} 6. Ngf3 {[%emt 0:00:04]} d6 {[%emt 0:00:01]} 7. h3 {[%emt 0:00:01]} Nbd7 {[%emt 0:00:02]} 8. Bd3 {[%emt 0:00:01]} b6 {[%emt 0:00:00]} 9. Bb2 {[%emt 0:00:06]} Bb7 {[%emt 0:00:00]} 10. O-O {[%emt 0:00:10]} Rc8 {[%emt 0:00:00]} 11. e4 {[%emt 0:00:04]} Rc7 {[%emt 0:00:00]} 12. e5 {[%emt 0:00:02]} Nd5 {[%emt 0:00:02]} 13. exd6 {[%emt 0:00:02]} exd6 {[%emt 0:00:01]} 14. c4 {[%emt 0:00:03]} Nf4 {[%emt 0:00:01]} 15. Be4 {[%emt 0:00:04]} Qa8 {[%emt 0:00:05]} 16. Bxb7 {[%emt 0:00:01]} Qxb7 {[%emt 0:00:00]} 17. g3 {[%emt 0:00:02]} Nd3 {[%emt 0:00:01] Zeit Zeit Zeit (Lag: Av=0.50s, max=1.0s) (Lag: Av=0.50s, max=1.0s) (Lag: Av=0.50s, max=1.0s) . . .} 0-1

[Event "Stay Safe Play From Home 377"]
[Site "Emanuel Lasker Arena"]
[Date "2020.08.12"]
[Round "4"]
[White "NTBT_DHS"]
[Black "Hickey"]
[Result "0-1"]
[WhiteElo "2594"]
[BlackElo "2067"]
[Annotator "TA"]
[PlyCount "70"]
[EventDate "2020.08.12"]
[EventType "swiss (blitz)"]

{[%evp 12,70,29,8,12,16,16,10,15,12,15,0,0,6,6,0,0,0,38,5,38,15,33,33,33,33,73,84,107,115,172,179,176,183,191,99,179,186,174,193,300,262,295,300,306,293,274,131,181,-92,-85,-29987,-1455,-5573,-2944,-2175,-2171,-29989,-29990,-29998,-29999]} 1. e4 c6 2. d4 d5 3. Nc3 dxe4 4. Nxe4 Bf5 5. Ng3 Bg6 6. h4 h6 7. Nh3 e6 {B18: Classical Caro-Kann: 4...Bf5 sidelines.} 8. Nf4 Bh7 9. c3 Nf6 {The position is equal.} 10. Bd3 Bxd3 11. Qxd3 Nbd7 12. Bd2 Bd6 13. O-O-O {[#]} Qa5 $146 ({Predecessor:} 13... Qc7 14. Ngh5 Nxh5 15. Nxh5 g6 16. Ng7+ Kf8 17. Nxe6+ fxe6 18. Qxg6 Bf4 19. Rh3 Bxd2+ 20. Rxd2 {1-0 (37) Arp,F (2116)-Klein,K (1846) Bad Sooden 2011}) 14. Kb1 O-O-O 15. Rhe1 Qc7 16. Ngh5 Nxh5 17. Nxh5 g6 18. Ng3 Bxg3 19. fxg3 Nf6 20. Qf3 $36 {[%mdl 2048] White has strong initiative.} Nd5 (20... Ne8 $16 {might work better.}) 21. c4 $18 Nb6 22. Bf4 Qd7 {[#]} 23. Be5 (23. Qa3 $1 $18 {[%cal Ra3a7]} g5 24. hxg5 (24. Qxa7 gxf4 25. Qxb6 fxg3 $16) 24... hxg5 25. Bxg5) 23... Rhe8 (23... Rhf8 $16 {was worth a try.}) 24. b3 Rg8 25. g4 h5 (25... Rde8 $142 26. Bh2 Na8) 26. g5 Rde8 27. Rf1 Rgf8 28. Qe4 Qe7 29. Rd3 (29. Qf4 $18) 29... Qb4 {...Nxc4 would now be nice for Black.} 30. Rdf3 $2 ({White should try} 30. Bg3 $18 Nxc4 31. Rc1 (31. Qf4 e5 $11)) 30... Nxc4 $1 $17 {And now ...Nd2+ would win.} 31. Rxf7 $2 {[%mdl 8192] [#] Now White is beyond hope.} (31. R3f2 $17) 31... Rxf7 (31... Nd2+ $142 32. Kb2 Nxe4 33. Rxf8 Rxf8 34. Rxf8+ Qxf8 35. Kc2 Qf2+ 36. Kd3 Qxh4 37. g3 Nxg3 38. Bf6 Qh2 39. Kc3 Ne4+ 40. Kd3 Qf4 41. d5 exd5 42. Kc2 Qd2+ 43. Kb1 d4 44. Bxd4 Qxd4 45. a3 Qd2 46. Ka1 Nc3 47. b4 Qc1#) 32. Rxf7 Nd2+ {[%mdl 64] Double Attack} 33. Kc2 Nxe4 34. Rc7+ Kd8 35. Rf7 Qc3+ {Accuracy: White = 54%, Black = 60%.} 0-1